| 000 | 00558nam a2200181Ia 4500 | ||
|---|---|---|---|
| 003 | SGT | ||
| 020 | _a9788120334212 | ||
| 082 |
_a5.1 _bGUP |
||
| 100 | _aGupta,Prabhakar | ||
| 245 | _aDesign and analysis of algorithms | ||
| 260 |
_bPHI Learning Private Limited _aNew Delhi _c2008 |
||
| 300 | _a370p. | ||
| 650 | _aCOMPUTER SCIENCE | ||
| 653 | _aSORTING AND ORDER STATISTICS,ELEMENTARY DATA STRUCTURE,ADVANCED DATA STRUCTURE ,ADVANCED DESIGN AND ANALYSIS TECHNIQUES- PART1 | ||
| 700 | _aAgarwal,Vineet | ||
| 700 | _aVarshney,Manish | ||
| 942 |
_2ddc _cBK _04 |
||
| 999 |
_c5111 _d5111 |
||